| 000 | 00525nam a22001937a 4500 | ||
|---|---|---|---|
| 005 | 20260529151951.0 | ||
| 010 | _aENG-148678 | ||
| 020 |
_a9789347590054 _c350.00 |
||
| 035 | _aEN-132210 | ||
| 037 | _bDBAD | ||
| 082 |
_aS _21 |
||
| 100 |
_aArchana R SIngh _989238 |
||
| 245 |
_aThe Rewrite Circle/ _cArchana R Singh |
||
| 250 | _a1 | ||
| 260 |
_aChandigarh _bThe Browser _c2026 |
||
| 270 |
_bChandigarh _aSCO 14-15, Sector 8-C _e160009 _mservice@thebrowser.org |
||
| 300 |
_a147p. _c22cm(pb) |
||
| 942 |
_2ddc _cEN _hS _mARC |
||
| 999 |
_c216407 _d216407 |
||